| 000 | 00459 a2200169 4500 | ||
|---|---|---|---|
| 003 | OSt | ||
| 005 | 20231227150024.0 | ||
| 008 | 231227b |||||||| |||| 00| 0 eng d | ||
| 020 | _a9789350724590 | ||
| 040 | _coclc | ||
| 082 |
_a891.43 _bVAN/E |
||
| 100 |
_aVanaja, K _9437 |
||
| 245 |
_aECO FEMINISM / _cK Vanaja |
||
| 260 |
_aNew Delhi: _bVani Prakashan, _c2023. |
||
| 300 | _a238p | ||
| 942 |
_2ddc _cBK _h891.43 _iVAN/E _k891.43 _mVAN/E |
||
| 999 |
_c43587 _d43587 |
||